000 02227nam0a2200409 4500
001 RU\NLR\bibl\1056673
005 20260405082634.0
021 _aRU
_b2007-3205
_9157
035 _a(nilc)RSL-KNO-003030893
035 _a(NLR Aleph) 001043962
090 _a836322
_c836322
100 _a20070213d2006 |||y0rusy50 ca
101 0 _arus
_deng
102 _aRU
105 _aa |||||||||
106 _ar
200 1 _aОпределение параметров спектра нейтронов в обосновании применимости формализма Весткотта
_fБрызгалов В.И., Ефимов Б.В., Ионов В.С. [и др.]
210 _aМосква
_cКурчатовский институт
_d2006
215 _a27 с.
_cил., табл.
_d22
225 1 _aПрепринт
_fРос. науч. центр "Курчат. ин-т", Ин-т ядер. реакторов
_vИАЭ-6444/5
300 _aРез. на англ. яз.
320 _aБиблиогр.: с. 27 (8 назв.)
606 1 _aЯдерные реакторы
_xНейтронные спектры
_91974102
_3RU\NLR\auth\661191457
610 0 _aФизико-математические науки -- Физика -- Физика атомного ядра и элементарных частиц -- Экспериментальные методы и аппаратура -- Методы и аппаратура для регистрации и анализа ядерных излучений -- Спектрометрия и детектирование нейтронов -- Применение ЭВМ
610 0 _aформализм Весткотта
686 _aВ381.57c31,0
_2rubbk
686 _aЗ46-012
701 1 _aБрызгалов
_bВ. И.
_f1931-
_gВалентин Иванович
_4070
701 1 _4070
_7ca
_8rus
_aЕфимов
_bБ. В.
_cд-р техн. наук, энергетик
_f1944-2023
_gБорис Васильевич
_3RU\NLR\AUTH\7729267
_912296
701 1 _aИонов
_bВ. С.
_4070
801 0 _aRU
_bРКП
_c20070213
_grcr
801 1 _aRU
_bРГБ
_c20070213
801 2 _aRU
_bNLR
_c20070312
_grcr
942 _cBOOK
980 _aNB